000 00279nam a22001337a 4500
008 170313b xxu||||| |||| 00| 0 eng d
020 _a038700906890
041 _aeng
080 _a591
100 _a7
101 _aSHM
245 _aPARASITIC DISEASE
_cKATZ.M
942 _2udc
_cBK
999 _c7733
_d7733